000 00902nam a2200301 a 4500
003 AR-BaBNM
005 20251128203408.0
008 082120s2002 ||||||||||||||000 | spa||
040 _cAR-BaBNM
100 1 _aLinares Quintana, Segundo V.
245 0 0 _aTratado de la ciencia del derecho constitucional argentino y comparado
_bparte especial : forma de gobierno, hecho y derecho de la revolución. 6
260 _aBuenos Aires
_bAlfa
_c1956
300 _a574 p.
500 _aIndice p. 567-574
504 _aBibliografía a pie de página
650 4 _aDERECHO CONSTITUCIONAL
650 4 _aDERECHO COMPARADO
650 4 _aCONSTITUCIONES
650 4 _aDEMOCRACIA
650 4 _aJURISPRUDENCIA
650 4 _aHISTORIA CONSTITUCIONAL
650 4 _aREVOLUCION
650 4 _aNACIONALIDAD
650 4 _aLEGISLACION ARGENTINA
651 4 _aAmérica Latina
942 _cBK
998 _cAndrea
999 _c3188
_d3188